| 000 | 00410nam a22001457a 4500 | ||
|---|---|---|---|
| 005 | 20250514025836.0 | ||
| 008 | 250514b |||||||| |||| 00| 0 eng d | ||
| 082 |
_222 _a172 _bTEA |
||
| 100 | _aBalasuriya A.S. | ||
| 245 | _aTeaching Peace To Children | ||
| 260 |
_aMaharagama _bNational Institute of Education _c1994 |
||
| 300 | _aix, 217 p ., | ||
| 500 | _aModel Lessons for Upper Secondary Classes | ||
| 942 | _cL | ||
| 999 |
_c6047 _d6047 |
||